The physiology of vegetable crops /

Guardado en:
Otros Autores: Wien, Hans Christian, 1940-
Formato: Libro
Idioma:English
Publicado: Oxford ; New York : CAB International, c1997.
Materias:
Etiquetas: Agregar Etiqueta
Sin Etiquetas, Sea el primero en etiquetar este registro!
LEADER 01404cam a2200253 a 4500
001 EEA.libagro009489
005 20181017100320.0
008 970331s1997####enka#####b####001#0#eng##
020 |a 0851991467 
082 0 0 |a 581.1 
082 0 0 |a 635 
245 0 4 |a The physiology of vegetable crops /  |c edited by H.C. Wien. 
260 |a Oxford ;  |a New York :  |b CAB International,  |c c1997. 
300 |a x, 662 p. :  |b il. ;  |c 25 cm. 
504 |a Incluye referencias bibliográficas e índice. 
505 0 |a 1: Contributors -- 2: Preface -- 3: Seed germination and seedling growth -- 4: Transplanting -- 5: The induction of flowering -- 6: Environmental influence on growth and yield -- 7: Correlative growth in vegetables -- 8: Tomato -- 9: Pepper -- 10: Potato -- 11: Cucumber, Muskmelon, Squash and Pumpkin -- 12: Celery -- 13: Phaseolus Beans -- 14: Peas -- 15: Sweet corn -- 16: Lettuce -- 17: Cauliflower, Broccoli, Cabbage and Brussels Sprouts -- 18: The Root Vegetables: Beet, Carrot, Parsnip and Turnip -- 19: Onions and Garlic -- 20: Asparagus -- 21: Index 
650 7 |a Fisiología vegetal  |2 agrovoc 
650 7 |a Horticultura  |2 agrovoc 
650 7 |a Hortalizas  |x Fisiología  |2 agrovoc 
650 7 |a Germinación de las semillas  |2 agrovoc 
650 7 |a Floración  |2 agrovoc 
650 7 |a Floración inducida  |2 agrovoc 
700 1 |a Wien, Hans Christian,  |d 1940- 
859 |a AR-BbBCA  |b BIB. AGRONOMIA  |h 581.1  |i W647  |p 1999/3546